000 00815cam a2200277 4500
008 090401t1999 xxu||||| |||| 00| 0 eng d
020 _a1856042766
035 _a(Sirsi) u91055
041 _aeng
050 _a025.00285
100 _aArmstrong, Chris J.
245 _aStaying legal: a guide to issues and practice for users and publishers of electronic resources.
260 _aLondon
_bLibrary Association Publishing
_c1999
350 _a49.95
650 _aCOPYRIGHT
650 _aDATA PROTECTION ACT 1984
650 _aDATA PROTECTION ACT 1998
650 _aDATA PROTECTION
650 _aDATABASES
650 _aELECTRONIC PUBLISHING
650 _aLIBRARIES
650 _aREGULATION
690 _aMANAGEMENT-BUSINESS MANAGEMENT-INFORMATION MANAGEMENT
942 _n0
948 _c02/02/1999
999 _c97603
_d97603